| 000 | 00406cam a2200157ua 4500 | ||
|---|---|---|---|
| 003 | OSt | ||
| 008 | 250731b |||||||| |||| 00| 0 eng d | ||
| 041 | _aeng | ||
| 082 |
_a625.7 _bPRI/FU |
||
| 100 |
_aPriyani Vasan, B . _97632 |
||
| 245 | _aFundamental principles of road engineering / | ||
| 250 | _a7 / | ||
| 260 |
_aNew Delhi,Tulsi : _bCharotar book stall , _c1969. |
||
| 300 | _a326 ; . | ||
| 942 | _cBK | ||
| 999 |
_c9576 _d9576 |
||